[Event "FIDE World Rapid-ch Open 2018"]
[White "Shaposhnikov, Evgeny"]
[Black "Giri, Anish"]
[Site "St. Petersburg"]
[Round "2.12"]
[Annotator "TA"]
[Result "1/2-1/2"]
[Date "2018.12.26"]
[WhiteElo "2576"]
[BlackElo "2783"]
[PlyCount "58"]

1. e4 {} c5 2. Nf3 d6 3. c3 Nf6 4. h3 g6 5. Bd3 Bg7 6. 0-0 0-0 7. Bc2 e5 8. d4 exd4 9. cxd4 cxd4 10. Nxd4 Nc6 11. Nxc6 bxc6 12. Nc3 d5 13. Be3 {
LiveBook: 7 Games. The position is equal. B50: Sicilian: 2...d6, Miscellaneous} Ba6 14. Re1 Nxe4 15. Nxe4 dxe4 16. Bxe4 Bxb2 17. Rb1 Bc3 {Hoping for ...Qa5.} 18. Qxd8 Raxd8 19. Rec1 Bd2 20. Bxd2 $146 (20. Rxc6 Bxe3 21. fxe3 {1/2-1/2 (32)
Jakovenko,D (2759)-Khismatullin,D (2642) Chita 2015} )Rxd2 21. a4 Re8 (21... Bc8 {seems wilder.} 22. Bxc6 Be6 23. Rc5 Rc8 24. Rbc1 Rd4 )22. Rxc6 Rxe4 23. Rxa6 $11 { Endgame KRR-KRR} Rf4 24. Rf1 Rd7 25. g3 Rc4 26. h4 h5 27. Kg2 Kg7 28. Re1 Rdd4 29. Rxa7 {[#] Threatens to win with Ree7.} Rxa4 1/2-1/2

[Event "FIDE World Rapid-ch Open 2018"]
[White "Grischuk, Alexander"]
[Black "Tsydypov, Zhamsaran"]
[Site "St. Petersburg"]
[Round "2.13"]
[Annotator "TA"]
[Result "0-1"]
[Date "2018.12.26"]
[WhiteElo "2771"]
[BlackElo "2529"]
[PlyCount "108"]

1. e4 {} c5 2. Nf3 d6 3. Bb5+ Nd7 4. 0-0 Ngf6 5. Re1 a6 6. Bf1 g6 {B51: Sicilian: Moscow Variation (3 Bb5+) without 3...
Bd7} (6... b6 7. d4 cxd4 8. Qxd4 Bb7 9. Nc3 e6 10. Bg5 Be7 11. Rad1 Qc7 12. a4 Rc8 13. h3 0-0 14. Qe3 h6 15. Bh4 Rfd8 16. Bg3 {0-1 (26) Bacrot,E (2708)
-Karjakin,S (2781) Paris 2017} )7. c3 Bg7 8. d4 0-0 9. e5 {LiveBook: 3 Games} Ne8 10. Bg5 dxe5 11. dxe5 Nc7 12. Qc1 $146 ({Predecessor:} 12. Nbd2 Ne6 13. Bh4 Re8 14. a4 {1-0 (44) Mamedov,R (2647)-Petkov,V (2570) Warsaw 2013} )b5 13. Bh6 Bb7 14. Bxg7 Kxg7 15. Nbd2 Ne6 16. b3 Qc7 17. Qc2 Rfd8 18. a4 Bc6 19. g3 Nb6 20. Bh3 (20. a5 $5 {} Nd7 21. c4 $11 )Bd7 21. Bg2 Rac8 22. axb5 axb5 23. Ne4 h6 (23... c4 $15 )24. Rad1 (24. h4 $11 )Bc6 25. Bh3 {Black must now prevent Bxe6.} Rxd1 26. Rxd1 {And now Bxe6 would win.} Bd5 27. Ned2 Qc6 28. Nh4 {Black should prevent c4.} Rd8 29. Re1 (29. Bf1 $17 {was
worth a try.} )c4 30. b4 (30. bxc4 $17 Nxc4 31. Bxe6 Qxe6 32. Nb3 )Na4 31. Re3 Ng5 32. Bf1 Qe6 33. f4 $2 (33. Be2 $17 )Qb6 $19 {
} 34. Kf2 {[#]} Ne4+ $2 (34... Be4 $1 $19 { has better winning
chances.} 35. Nxc4 (35. Qc1 Rd3 $19 { Pin} )(35. Nxe4 Nxe4+ )bxc4 )35. Nxe4 $17 Bxe4 { Pin} 36. Qc1 Qa7 37. Be2 {[#]} Bd3 (37... e6 $1 $17 38. h3 Bb7 )38. Bf3 $1 $15 Nb6 {} 39. Ng2 (39. g4 $17 )Qa2+ $19 40. Kg1 Na4 41. e6 (41. f5 $142 )f6 42. Bd1 Qb2 43. Qxb2 Nxb2 44. Bf3 Na4 45. Re1 Nxc3 46. Bc6 (46. Ra1 {keeps
fighting.} )Ne2+ {Black is clearly winning.} 47. Kf2 Nd4 48. Bf3 c3 49. Ne3 c2 50. Bd5 {[#]} Ne2 $1 {} 51. Nxc2 (51. Rxe2 c1=Q )Rxd5 52. Ne3 Rd4 53. Ra1 Rd6 54. Ra3 f5 {Accuracy: White = 48%, Black = 71%.} 0-1

[Event "FIDE World Rapid-ch Open 2018"]
[White "Roiz, Michael"]
[Black "Guseinov, Gadir"]
[Site "St. Petersburg"]
[Round "2.14"]
[Annotator "ChessBase"]
[Result "1-0"]
[Date "2018.12.26"]
[WhiteElo "2605"]
[BlackElo "2664"]
[PlyCount "115"]
[TimeControl "900+10"]

1. Nf3 {[%emt 0:0:0]} g6 {[%emt 0:0:0]} 2. d4 {[%emt 0:0:6]} Bg7 {[%emt 0:0:2]
} 3. c4 {[%emt 0:0:4]} d6 {[%emt 0:0:9]} 4. Nc3 {[%emt 0:0:0]} Nf6 {[%emt 0:0:6]} 5. g3 {[%emt 0:0:37]} 0-0 {[%emt 0:0:10]} 6. Bg2 {[%emt 0:0:2]
} Nc6 {[%emt 0:0:4]} 7. 0-0 {[%emt 0:0:4]} Bf5 {[%emt 0:0:0]} 8. Ne1 {[%emt 0:0:35]} Re8 {[%emt 0:0:3]} 9. e4 {[%emt 0:0:27]} Bd7 {[%emt 0:0:3]
} 10. Nc2 {[%emt 0:2:4]} e5 {[%emt 0:0:3]} 11. dxe5 {[%emt 0:0:0]} dxe5 {[%emt 0:0:52]} 12. Nd5 {[%emt 0:0:16]} Nd4 {[%emt 0:1:6]} 13. Nxd4 {[%emt 0:0:43]} exd4 {[%emt 0:0:39]} 14. Bg5 {[%emt 0:1:29]} c6 {[%emt 0:0:8]
} 15. Nxf6+ {[%emt 0:0:4]} Bxf6 {[%emt 0:0:2]} 16. Bxf6 {[%emt 0:0:2]
} Qxf6 {[%emt 0:0:1]} 17. f4 {[%emt 0:0:14]} Qd6 {[%emt 0:0:0]} 18. Qd3 {[%emt 0:1:10]} f6 {[%emt 0:0:14]} 19. b4 {[%emt 0:1:14]} b6 {[%emt 0:1:44]
} 20. Rad1 {[%emt 0:1:53]} Bg4 {[%emt 0:0:59]} 21. Qxd4 {[%emt 0:1:2]
} Qxb4 {[%emt 0:0:2]} 22. Qd6 {[%emt 0:0:15]} Qxd6 {[%emt 0:0:0]} 23. Rxd6 {[%emt 0:0:1]} Be6 {[%emt 0:0:4]} 24. e5 {[%emt 0:1:41]} Rad8 {[%emt 0:1:53]} 25. Bxc6 {[%emt 0:0:21]} Rxd6 {[%emt 0:0:1]} 26. exd6 {[%emt 0:0:2]} Rd8 {[%emt 0:0:1]} 27. Rd1 {[%emt 0:0:39]} Bxc4 {[%emt 0:0:0]} 28. a3 {[%emt 0:0:15]} Kf7 {[%emt 0:0:11]} 29. Rd4 {[%emt 0:0:24]} Be6 {[%emt 0:0:39]} 30. Bb5 {[%emt 0:0:24]} Bd7 {[%emt 0:0:22]} 31. Bc4+ {[%emt 0:0:5]
} Kf8 {[%emt 0:0:1]} 32. Kf2 {[%emt 0:0:7]} b5 {[%emt 0:0:0]} 33. Be2 {[%emt 0:0:21]} a5 {[%emt 0:0:7]} 34. Rd5 {[%emt 0:0:28]} Rb8 {[%emt 0:0:2]} 35. Ke3 {[%emt 0:0:6]} Kf7 {[%emt 0:0:50]} 36. f5 {[%emt 0:0:0]} gxf5 {[%emt 0:0:9]} 37. Bd3 {[%emt 0:0:1]} a4 {[%emt 0:0:44]} 38. Bxf5 {[%emt 0:0:27]} Bxf5 {[%emt 0:0:9]} 39. Rxf5 {[%emt 0:0:1]} Ke6 {[%emt 0:0:0]
} 40. Rh5 {[%emt 0:0:1]} Kxd6 {[%emt 0:0:19]} 41. Kd3 {[%emt 0:0:26]
} Rb7 {[%emt 0:1:9]} 42. Kc3 {[%emt 0:0:4]} Ke6 {[%emt 0:0:0]} 43. Rc5 {[%emt 0:0:2]} f5 {[%emt 0:0:38]} 44. Kb4 {[%emt 0:0:3]} Rd7 {[%emt 0:0:34]} 45. Kxb5 {[%emt 0:0:14]} Rd2 {[%emt 0:0:33]} 46. Rc6+ {[%emt 0:0:11]
} Kf7 {[%emt 0:0:5]} 47. Rh6 {[%emt 0:0:5]} Kg7 {[%emt 0:0:0]} 48. Rh4 {[%emt 0:0:6]} Kg6 {[%emt 0:0:3]} 49. Kxa4 {[%emt 0:0:6]} h5 {[%emt 0:0:1]} 50. Kb3 {[%emt 0:0:19]} Kg5 {[%emt 0:0:10]} 51. a4 {[%emt 0:0:0]} f4 {[%emt 0:0:5]} 52. Rxf4 {[%emt 0:0:5]} Rxh2 {[%emt 0:0:1]} 53. a5 {[%emt 0:0:33]} Rg2 {[%emt 0:0:24]} 54. Rf3 {[%emt 0:0:1]} Re2 {[%emt 0:0:0]} 55. Rc3 {[%emt 0:0:21]} Re4 {[%emt 0:0:10]} 56. Rc5+ {[%emt 0:0:11]} Kg6 {[%emt 0:0:8]} 57. a6 {[%emt 0:0:16]} Re3+ {[%emt 0:0:3]} 58. Kb4 {[%emt 0:0:9]
} 1-0

[Event "FIDE World Rapid-ch Open 2018"]
[White "Smirin, Ilia"]
[Black "Andreikin, Dmitry"]
[Site "St. Petersburg"]
[Round "2.15"]
[Annotator "ChessBase"]
[Result "0-1"]
[Date "2018.12.26"]
[WhiteElo "2609"]
[BlackElo "2719"]
[PlyCount "108"]
[TimeControl "900+10"]

1. e4 {[%emt 0:0:0]} e5 {[%emt 0:0:2]} 2. Nf3 {[%emt 0:0:0]} Nc6 {[%emt 0:0:2]
} 3. Bb5 {[%emt 0:0:1]} Nf6 {[%emt 0:0:8]} 4. d3 {[%emt 0:0:0]} Bc5 {[%emt 0:0:10]} 5. h3 {[%emt 0:0:12]} Nd4 {[%emt 0:1:4]} 6. Nxd4 {[%emt 0:0:8]
} Bxd4 {[%emt 0:0:3]} 7. c3 {[%emt 0:0:13]} Bb6 {[%emt 0:0:0]} 8. Bg5 {[%emt 0:0:18]} c6 {[%emt 0:1:28]} 9. Ba4 {[%emt 0:0:11]} d5 {[%emt 0:0:3]
} 10. Qf3 {[%emt 0:1:40]} Be6 {[%emt 0:0:36]} 11. Nd2 {[%emt 0:0:0]} h6 {[%emt 0:3:0]} 12. Bh4 {[%emt 0:0:4]} g5 {[%emt 0:1:55]} 13. Bg3 {[%emt 0:0:5]} dxe4 {[%emt 0:0:3]} 14. dxe4 {[%emt 0:0:47]} g4 {[%emt 0:0:43]
} 15. Qe2 {[%emt 0:0:20]} Nh5 {[%emt 0:0:7]} 16. Bxe5 {[%emt 0:0:43]
} Qg5 {[%emt 0:0:2]} 17. Bxh8 {[%emt 0:1:1]} Nf4 {[%emt 0:0:0]} 18. Qf1 {[%emt 0:0:52]} gxh3 {[%emt 0:0:15]} 19. gxh3 {[%emt 0:3:4]} Ng2+ {[%emt 0:0:2]} 20. Kd1 {[%emt 0:0:25]} 0-0-0 {[%emt 0:0:7]} 21. Bd4 {[%emt 0:3:4]
} Bxd4 {[%emt 0:0:17]} 22. cxd4 {[%emt 0:0:2]} Rxd4 {[%emt 0:0:0]} 23. f4 {[%emt 0:0:57]} Ne3+ {[%emt 0:4:23]} 24. Ke2 {[%emt 0:0:5]} Qa5 {[%emt 0:0:4]} 25. Qc1 {[%emt 0:0:36]} Nc4 {[%emt 0:0:42]} 26. Nf3 {[%emt 0:0:33]
} Rxe4+ {[%emt 0:0:10]} 27. Kf2 {[%emt 0:0:1]} Qb6+ {[%emt 0:0:0]} 28. Kg3 {[%emt 0:0:6]} Ne3 {[%emt 0:0:2]} 29. Bd1 {[%emt 0:1:30]} Nf5+ {[%emt 0:0:11]} 30. Kg2 {[%emt 0:0:1]} Ne3+ {[%emt 0:0:1]} 31. Kg3 {[%emt 0:0:7]
} Nf5+ {[%emt 0:0:36]} 32. Kg2 {[%emt 0:0:1]} Bd5 {[%emt 0:0:0]} 33. Qc3 {[%emt 0:0:30]} Ne3+ {[%emt 0:0:16]} 34. Kg3 {[%emt 0:0:2]} Nf5+ {[%emt 0:0:10]} 35. Kg2 {[%emt 0:0:2]} Re8 {[%emt 0:0:27]} 36. Rh2 {[%emt 0:2:27]
} Rg8+ {[%emt 0:1:27]} 37. Kf1 {[%emt 0:0:2]} Ng3+ {[%emt 0:0:0]} 38. Ke1 {[%emt 0:0:5]} Bxf3 {[%emt 0:0:13]} 39. Qxf3 {[%emt 0:0:11]
} Qg1+ {[%emt 0:0:7]} 40. Kd2 {[%emt 0:0:1]} Qxh2+ {[%emt 0:0:9]} 41. Kc3 {[%emt 0:0:1]} Rd8 {[%emt 0:0:5]} 42. Qe3 {[%emt 0:0:28]} Qxh3 {[%emt 0:0:0]} 43. Kb3 {[%emt 0:0:9]} Qf5 {[%emt 0:0:8]} 44. Bc2 {[%emt 0:0:10]} Qb5+ {[%emt 0:0:4]} 45. Ka3 {[%emt 0:0:7]} Qa5+ {[%emt 0:0:2]} 46. Kb3 {[%emt 0:0:1]
} Qb5+ {[%emt 0:0:18]} 47. Ka3 {[%emt 0:0:2]} Ne2 {[%emt 0:0:0]} 48. Qe5 {[%emt 0:0:26]} Nd4 {[%emt 0:0:10]} 49. Rc1 {[%emt 0:0:25]} Qa6+ {[%emt 0:0:14]} 50. Kb4 {[%emt 0:0:2]} Qxa2 {[%emt 0:0:18]} 51. Bf5+ {[%emt 0:0:11]
} Nxf5 {[%emt 0:0:2]} 52. Qxf5+ {[%emt 0:0:4]} Rd7 {[%emt 0:0:0]} 53. Qe5 {[%emt 0:0:20]} Qe6 {[%emt 0:0:19]} 54. Qc5 {[%emt 0:0:9]} Qd6 {[%emt 0:0:11]} 0-1

[Event "FIDE World Rapid-ch Open 2018"]
[White "Demidov, Mikhail"]
[Black "Anand, Viswanathan"]
[Site "St. Petersburg"]
[Round "2.16"]
[Annotator "TA"]
[Result "1/2-1/2"]
[Date "2018.12.26"]
[WhiteElo "2520"]
[BlackElo "2773"]
[PlyCount "48"]

1. d4 {} Nf6 2. Nf3 d5 3. c4 e6 4. e3 Be7 5. Nc3 0-0 6. Bd3 c5 7. 0-0 dxc4 8. Bxc4 Nc6 9. a3 a6 10. dxc5 Qxd1 11. Rxd1 Bxc5 12. b4 Be7 {D40: Queen's Gambit
Declined: Semi-Tarrasch with 5 e3} 13. Bb2 {LiveBook: 4 Games. The position is
equal.} Bd7 (13... Rd8 14. Rxd8+ Bxd8 15. Bd3 Bd7 16. Ne4 Nxe4 17. Bxe4 {
1/2-1/2 (31) Bu,X (2725)-Ni,H (2670) China 2018} )14. Ne4 $146 ({Predecessor:} 14. e4 Rfd8 15. e5 Ne8 16. Bb3 Na7 17. Nd4 Nc6 18. Na4 Nxd4 19. Bxd4 Bxa4 20. Bxa4 {1/2-1/2 (29) Kelecevic,N (2365)-Costa,G (2368) Switzerland 2005} )Rfd8 15. Nxf6+ Bxf6 16. Bxf6 gxf6 17. Rac1 Kf8 18. Kf1 Ke7 19. Ke1 Rac8 20. Be2 Na7 21. Nd4 Ba4 22. Rxc8 Rxc8 23. Ra1 Rc7 24. Kd2 Rd7 1/2-1/2

[Event "FIDE World Rapid-ch Open 2018"]
[White "Dubov, Daniil"]
[Black "Jumabayev, Rinat"]
[Site "St. Petersburg"]
[Round "2.17"]
[Annotator "ChessBase"]
[Result "1-0"]
[Date "2018.12.26"]
[WhiteElo "2703"]
[BlackElo "2602"]
[PlyCount "101"]
[TimeControl "900+10"]

1. c4 {[%emt 0:0:0]} e5 {[%emt 0:0:0]} 2. Nc3 {[%emt 0:0:0]} Nf6 {[%emt 0:0:0]
} 3. g3 {[%emt 0:0:0]} Bc5 {[%emt 0:0:6]} 4. Nf3 {[%emt 0:0:0]} e4 {[%emt 0:1:29]} 5. Ng5 {[%emt 0:0:5]} Bxf2+ {[%emt 0:3:36]} 6. Kxf2 {[%emt 0:0:2]} Ng4+ {[%emt 0:0:2]} 7. Kg1 {[%emt 0:0:6]} Qxg5 {[%emt 0:0:0]} 8. Nxe4 {[%emt 0:0:5]} Qg6 {[%emt 0:1:4]} 9. Bg2 {[%emt 0:0:45]} 0-0 {[%emt 0:0:26]} 10. d4 {[%emt 0:1:12]} d6 {[%emt 0:2:43]} 11. Bf4 {[%emt 0:1:18]
} Nc6 {[%emt 0:0:48]} 12. Nc3 {[%emt 0:0:52]} Bd7 {[%emt 0:0:0]} 13. Qd2 {[%emt 0:0:51]} Rfe8 {[%emt 0:0:35]} 14. Re1 {[%emt 0:3:25]} a6 {[%emt 0:2:4]} 15. h3 {[%emt 0:1:40]} Nf6 {[%emt 0:0:2]} 16. e4 {[%emt 0:0:0]} Rad8 {[%emt 0:2:38]} 17. Kh2 {[%emt 0:0:57]} h6 {[%emt 0:0:1]} 18. Rhf1 {[%emt 0:0:44]} Bc8 {[%emt 0:0:16]} 19. g4 {[%emt 0:1:20]} Ne5 {[%emt 0:0:30]
} 20. Qe2 {[%emt 0:0:45]} Nc6 {[%emt 0:0:9]} 21. Qd2 {[%emt 0:0:0]} Ne5 {[%emt 0:0:1]} 22. Qe2 {[%emt 0:1:9]} Nc6 {[%emt 0:0:1]} 23. Rd1 {[%emt 0:0:1]} Kh8 {[%emt 0:0:30]} 24. Qf3 {[%emt 0:0:37]} Kg8 {[%emt 0:0:24]
} 25. b3 {[%emt 0:0:14]} Rd7 {[%emt 0:0:8]} 26. Rfe1 {[%emt 0:0:0]} Rde7 {[%emt 0:0:9]} 27. Nd5 {[%emt 0:0:31]} Nxd5 {[%emt 0:0:3]} 28. cxd5 {[%emt 0:0:1]} Nb8 {[%emt 0:0:4]} 29. e5 {[%emt 0:0:12]} Nd7 {[%emt 0:0:4]
} 30. Qg3 {[%emt 0:0:4]} Nb6 {[%emt 0:0:9]} 31. Be4 {[%emt 0:0:0]} f5 {[%emt 0:0:13]} 32. gxf5 {[%emt 0:0:1]} Qxg3+ {[%emt 0:0:26]} 33. Bxg3 {[%emt 0:0:2]} Nd7 {[%emt 0:0:12]} 34. e6 {[%emt 0:0:35]} Nf6 {[%emt 0:0:1]
} 35. Bh4 {[%emt 0:0:1]} Rf8 {[%emt 0:0:1]} 36. Rc1 {[%emt 0:0:0]} b6 {[%emt 0:0:28]} 37. Rc2 {[%emt 0:0:9]} Bb7 {[%emt 0:0:3]} 38. Bxf6 {[%emt 0:0:1]} gxf6 {[%emt 0:0:15]} 39. Rg1+ {[%emt 0:0:2]} Kh7 {[%emt 0:0:1]
} 40. Rg6 {[%emt 0:0:6]} a5 {[%emt 0:0:13]} 41. a3 {[%emt 0:0:0]} Ba6 {[%emt 0:0:2]} 42. a4 {[%emt 0:0:22]} b5 {[%emt 0:0:10]} 43. Rcg2 {[%emt 0:0:24]} b4 {[%emt 0:0:10]} 44. R2g4 {[%emt 0:0:10]} Be2 {[%emt 0:0:1]
} 45. Rh4 {[%emt 0:0:1]} h5 {[%emt 0:0:2]} 46. Rg2 {[%emt 0:0:0]} Bd1 {[%emt 0:0:1]} 47. Rg1 {[%emt 0:0:5]} Be2 {[%emt 0:0:8]} 48. Re1 {[%emt 0:0:10]} Ba6 {[%emt 0:0:4]} 49. Rxh5+ {[%emt 0:0:7]} Kg8 {[%emt 0:0:0]
} 50. Rh6 {[%emt 0:0:13]} Rg7 {[%emt 0:0:18]} 51. Bf3 {[%emt 0:0:0]} 1-0

[Event "FIDE World Rapid-ch Open 2018"]
[White "Khanin, Semen"]
[Black "Sjugirov, Sanan"]
[Site "St. Petersburg"]
[Round "2.18"]
[Annotator "ChessBase"]
[Result "1-0"]
[Date "2018.12.26"]
[WhiteElo "2514"]
[BlackElo "2663"]
[PlyCount "129"]
[TimeControl "900+10"]

1. e4 {[%emt 0:0:0]} c5 {[%emt 0:0:0]} 2. Nf3 {[%emt 0:0:0]} d6 {[%emt 0:0:0]} 3. d4 {[%emt 0:0:0]} cxd4 {[%emt 0:0:1]} 4. Nxd4 {[%emt 0:0:0]} Nf6 {[%emt 0:0:1]} 5. Nc3 {[%emt 0:0:1]} a6 {[%emt 0:0:4]} 6. f3 {[%emt 0:0:2]
} e5 {[%emt 0:0:25]} 7. Nb3 {[%emt 0:0:2]} Be6 {[%emt 0:0:4]
} 8. Be3 {[%emt 0:0:3]} Be7 {[%emt 0:0:10]} 9. Qd2 {[%emt 0:0:5]} 0-0 {[%emt 0:0:14]
} 10. 0-0-0 {[%emt 0:0:52]} Nbd7 {[%emt 0:0:18]} 11. g4 {[%emt 0:0:13]
} b5 {[%emt 0:0:1]} 12. g5 {[%emt 0:0:0]} b4 {[%emt 0:0:15]} 13. gxf6 {[%emt 0:0:0]} bxc3 {[%emt 0:0:2]} 14. Qxc3 {[%emt 0:0:0]} Nxf6 {[%emt 0:0:2]} 15. Na5 {[%emt 0:0:0]} Rc8 {[%emt 0:0:4]} 16. Nc6 {[%emt 0:0:1]
} Qe8 {[%emt 0:0:8]} 17. Nxe7+ {[%emt 0:0:3]} Qxe7 {[%emt 0:0:0]} 18. Qa5 {[%emt 0:0:4]} Rc6 {[%emt 0:0:2]} 19. Rg1 {[%emt 0:0:6]} Rfc8 {[%emt 0:0:20]} 20. Kb1 {[%emt 0:0:2]} Nh5 {[%emt 0:2:23]} 21. Rg2 {[%emt 0:0:10]
} Qf6 {[%emt 0:1:11]} 22. Rf2 {[%emt 0:0:2]} g6 {[%emt 0:0:0]} 23. b3 {[%emt 0:0:55]} Nf4 {[%emt 0:2:46]} 24. Qa3 {[%emt 0:0:23]} Nh3 {[%emt 0:4:41]} 25. Bxh3 {[%emt 0:0:10]} Bxh3 {[%emt 0:0:1]} 26. c4 {[%emt 0:0:36]
} Re8 {[%emt 0:0:43]} 27. Qa5 {[%emt 0:0:57]} h6 {[%emt 0:0:0]} 28. Qc3 {[%emt 0:2:35]} Qh4 {[%emt 0:0:54]} 29. Rg1 {[%emt 0:2:18]} Kh7 {[%emt 0:0:10]} 30. f4 {[%emt 0:0:12]} f5 {[%emt 0:0:49]} 31. Ka1 {[%emt 0:0:0]} Bg4 {[%emt 0:0:55]} 32. Qd2 {[%emt 0:2:2]} Qf6 {[%emt 0:0:21]} 33. h3 {[%emt 0:2:22]} Bh5 {[%emt 0:0:1]} 34. exf5 {[%emt 0:0:23]} gxf5 {[%emt 0:0:2]
} 35. fxe5 {[%emt 0:0:31]} dxe5 {[%emt 0:0:7]} 36. Qd7+ {[%emt 0:0:35]
} Re7 {[%emt 0:0:15]} 37. Qxf5+ {[%emt 0:0:17]} Qxf5 {[%emt 0:0:0]} 38. Rxf5 {[%emt 0:0:1]} Bg6 {[%emt 0:0:2]} 39. Rf2 {[%emt 0:0:16]} Rd7 {[%emt 0:0:3]} 40. Rd2 {[%emt 0:1:6]} Rxd2 {[%emt 0:0:7]} 41. Bxd2 {[%emt 0:0:1]
} Rd6 {[%emt 0:0:5]} 42. Be3 {[%emt 0:0:7]} Rd3 {[%emt 0:0:0]} 43. Re1 {[%emt 0:0:10]} e4 {[%emt 0:0:41]} 44. Kb2 {[%emt 0:0:3]} Be8 {[%emt 0:0:6]} 45. Kc2 {[%emt 0:0:45]} Bc6 {[%emt 0:0:33]} 46. h4 {[%emt 0:0:0]} Kg6 {[%emt 0:0:4]} 47. Rd1 {[%emt 0:0:24]} Rxe3 {[%emt 0:0:51]} 48. Rd6+ {[%emt 0:0:1]} Kf5 {[%emt 0:0:14]} 49. Rxc6 {[%emt 0:0:2]} Re2+ {[%emt 0:0:0]
} 50. Kc3 {[%emt 0:0:8]} Rxa2 {[%emt 0:0:3]} 51. Rxh6 {[%emt 0:0:29]
} a5 {[%emt 0:0:41]} 52. Rh8 {[%emt 0:0:15]} a4 {[%emt 0:0:23]
} 53. bxa4 {[%emt 0:0:4]} Rxa4 {[%emt 0:0:3]} 54. Kd4 {[%emt 0:0:6]} e3 {[%emt 0:0:18]
} 55. Re8 {[%emt 0:0:6]} Ra1 {[%emt 0:0:10]} 56. Rxe3 {[%emt 0:0:4]
} Rh1 {[%emt 0:0:2]} 57. Kd5 {[%emt 0:0:3]} Rxh4 {[%emt 0:0:0]} 58. c5 {[%emt 0:0:2]} Rh1 {[%emt 0:0:9]} 59. c6 {[%emt 0:0:8]} Rd1+ {[%emt 0:0:18]} 60. Kc5 {[%emt 0:0:1]} Rc1+ {[%emt 0:0:1]} 61. Kd6 {[%emt 0:0:1]
} Rd1+ {[%emt 0:0:2]} 62. Kc7 {[%emt 0:0:3]} Kf6 {[%emt 0:0:0]} 63. Kc8 {[%emt 0:0:5]} Rb1 {[%emt 0:0:7]} 64. c7 {[%emt 0:0:2]} Kf7 {[%emt 0:0:12]} 65. Re4 {[%emt 0:0:13]} 1-0

[Event "FIDE World Rapid-ch Open 2018"]
[White "Miton, Kamil"]
[Black "Gelfand, Boris"]
[Site "St. Petersburg"]
[Round "2.19"]
[Annotator "ChessBase"]
[Result "0-1"]
[Date "2018.12.26"]
[WhiteElo "2588"]
[BlackElo "2673"]
[PlyCount "92"]
[TimeControl "900+10"]

1. e4 {[%emt 0:0:0]} c5 {[%emt 0:0:0]} 2. Nf3 {[%emt 0:0:0]} Nc6 {[%emt 0:0:0]
} 3. Bb5 {[%emt 0:0:9]} g6 {[%emt 0:0:4]} 4. 0-0 {[%emt 0:0:0]} Bg7 {[%emt 0:0:3]} 5. d3 {[%emt 0:0:29]} Nf6 {[%emt 0:0:54]} 6. Bxc6 {[%emt 0:0:30]
} bxc6 {[%emt 0:0:2]} 7. Nc3 {[%emt 0:0:18]} 0-0 {[%emt 0:0:0]} 8. h3 {[%emt 0:0:3]} d6 {[%emt 0:0:10]} 9. e5 {[%emt 0:1:5]} Nd5 {[%emt 0:0:26]
} 10. Re1 {[%emt 0:0:7]} Rb8 {[%emt 0:0:33]} 11. Ne4 {[%emt 0:0:0]} dxe5 {[%emt 0:0:32]} 12. Nxc5 {[%emt 0:0:12]} Qd6 {[%emt 0:0:2]} 13. Nb3 {[%emt 0:0:18]} Ba6 {[%emt 0:0:51]} 14. Qe2 {[%emt 0:1:7]} f6 {[%emt 0:0:46]
} 15. Nfd2 {[%emt 0:0:59]} Nf4 {[%emt 0:1:8]} 16. Qf3 {[%emt 0:2:20]
} f5 {[%emt 0:1:40]} 17. Na5 {[%emt 0:0:41]} Nd5 {[%emt 0:0:0]} 18. Ndc4 {[%emt 0:0:40]} Qc7 {[%emt 0:0:11]} 19. Bd2 {[%emt 0:0:31]} Rf7 {[%emt 0:3:14]} 20. Qe2 {[%emt 0:1:6]} Nf4 {[%emt 0:0:28]} 21. Bxf4 {[%emt 0:0:43]
} exf4 {[%emt 0:0:0]} 22. Qe6 {[%emt 0:0:5]} Bxc4 {[%emt 0:0:0]} 23. Nxc4 {[%emt 0:0:4]} Bxb2 {[%emt 0:0:1]} 24. Rab1 {[%emt 0:0:0]} Bc3 {[%emt 0:0:3]} 25. Red1 {[%emt 0:0:15]} Rxb1 {[%emt 0:0:38]} 26. Rxb1 {[%emt 0:0:1]} Kg7 {[%emt 0:0:1]} 27. Rb3 {[%emt 0:0:15]} Bf6 {[%emt 0:0:45]
} 28. a4 {[%emt 0:0:15]} Rf8 {[%emt 0:0:17]} 29. a5 {[%emt 0:0:0]} Rb8 {[%emt 0:0:26]} 30. a6 {[%emt 0:1:33]} Rb5 {[%emt 0:0:44]} 31. Kf1 {[%emt 0:0:31]} Rxb3 {[%emt 0:1:13]} 32. cxb3 {[%emt 0:0:2]} Qb8 {[%emt 0:0:1]
} 33. Nd2 {[%emt 0:1:19]} Qb6 {[%emt 0:1:1]} 34. Qc4 {[%emt 0:0:0]} Bd4 {[%emt 0:0:28]} 35. Nf3 {[%emt 0:0:23]} Bxf2 {[%emt 0:0:2]} 36. d4 {[%emt 0:0:9]} Be3 {[%emt 0:0:29]} 37. Ne5 {[%emt 0:0:24]} Qa5 {[%emt 0:0:0]} 38. Qf7+ {[%emt 0:1:41]} Kh6 {[%emt 0:0:1]} 39. Qf8+ {[%emt 0:0:6]
} Kh5 {[%emt 0:0:6]} 40. Nf3 {[%emt 0:0:20]} Qxa6+ {[%emt 0:0:40]} 41. Ke1 {[%emt 0:0:5]} Qa1+ {[%emt 0:0:2]} 42. Ke2 {[%emt 0:0:1]} Qb2+ {[%emt 0:0:0]} 43. Ke1 {[%emt 0:0:4]} Qc1+ {[%emt 0:0:12]} 44. Ke2 {[%emt 0:0:1]} Qc2+ {[%emt 0:0:1]} 45. Ke1 {[%emt 0:0:2]} Bf2+ {[%emt 0:0:8]} 46. Kf1 {[%emt 0:0:5]
} Bg3 {[%emt 0:0:1]} 0-1

[Event "FIDE World Rapid-ch Open 2018"]
[White "Oparin, Grigoriy"]
[Black "Bindrich, Falko"]
[Site "St. Petersburg"]
[Round "2.20"]
[Annotator "ChessBase"]
[Result "1-0"]
[Date "2018.12.26"]
[WhiteElo "2613"]
[BlackElo "2606"]
[PlyCount "121"]
[TimeControl "900+10"]

1. Nf3 {[%emt 0:0:0]} d5 {[%emt 0:0:0]} 2. g3 {[%emt 0:0:0]} Bg4 {[%emt 0:0:0]
} 3. Bg2 {[%emt 0:0:0]} e6 {[%emt 0:0:0]} 4. 0-0 {[%emt 0:0:0]} Nf6 {[%emt 0:0:0]} 5. h3 {[%emt 0:0:34]} Bh5 {[%emt 0:0:4]} 6. c4 {[%emt 0:0:7]
} c6 {[%emt 0:0:1]} 7. d4 {[%emt 0:0:8]} Nbd7 {[%emt 0:0:8]
} 8. cxd5 {[%emt 0:0:8]} exd5 {[%emt 0:0:3]} 9. Nh4 {[%emt 0:0:9]} Bg6 {[%emt 0:0:5]
} 10. Nc3 {[%emt 0:0:8]} Be7 {[%emt 0:1:20]} 11. Nxg6 {[%emt 0:0:37]
} hxg6 {[%emt 0:0:2]} 12. Qd3 {[%emt 0:0:1]} 0-0 {[%emt 0:0:0]} 13. h4 {[%emt 0:0:11]} Re8 {[%emt 0:0:10]} 14. Bf3 {[%emt 0:0:44]} Nb6 {[%emt 0:0:52]} 15. Kg2 {[%emt 0:0:30]} Qd7 {[%emt 0:0:8]} 16. Bf4 {[%emt 0:1:36]
} Nc4 {[%emt 0:0:39]} 17. Rab1 {[%emt 0:2:31]} Rad8 {[%emt 0:0:0]} 18. Rfd1 {[%emt 0:0:32]} Nd6 {[%emt 0:1:35]} 19. a4 {[%emt 0:1:23]} a6 {[%emt 0:1:52]} 20. a5 {[%emt 0:1:24]} Qe6 {[%emt 0:1:5]} 21. Na4 {[%emt 0:1:18]
} Nde4 {[%emt 0:0:18]} 22. b4 {[%emt 0:0:3]} Bd6 {[%emt 0:0:0]} 23. Nc5 {[%emt 0:1:2]} Qe7 {[%emt 0:0:35]} 24. e3 {[%emt 0:1:10]} Qc7 {[%emt 0:0:19]} 25. Qc2 {[%emt 0:0:41]} Re7 {[%emt 0:0:33]} 26. Nd3 {[%emt 0:0:19]
} Bxf4 {[%emt 0:1:45]} 27. exf4 {[%emt 0:0:7]} Qc8 {[%emt 0:0:0]} 28. Ne5 {[%emt 0:0:3]} Qf5 {[%emt 0:0:10]} 29. Rbc1 {[%emt 0:0:43]} Rde8 {[%emt 0:0:45]} 30. Re1 {[%emt 0:0:5]} Qe6 {[%emt 0:1:10]} 31. Rh1 {[%emt 0:0:20]
} Qd6 {[%emt 0:0:5]} 32. Rb1 {[%emt 0:0:4]} Qe6 {[%emt 0:0:0]} 33. Rbe1 {[%emt 0:0:15]} Qd6 {[%emt 0:0:2]} 34. Qb2 {[%emt 0:0:28]} Qc7 {[%emt 0:0:10]} 35. h5 {[%emt 0:0:25]} gxh5 {[%emt 0:0:44]} 36. Bxh5 {[%emt 0:0:2]
} g6 {[%emt 0:0:9]} 37. Bf3 {[%emt 0:0:6]} Kg7 {[%emt 0:0:0]} 38. g4 {[%emt 0:0:21]} Qc8 {[%emt 0:0:47]} 39. Qc1 {[%emt 0:0:30]} Rh8 {[%emt 0:0:39]} 40. f5 {[%emt 0:0:33]} Ree8 {[%emt 0:0:10]} 41. g5 {[%emt 0:0:0]} Qxf5 {[%emt 0:0:15]} 42. gxf6+ {[%emt 0:0:9]} Nxf6 {[%emt 0:0:2]} 43. Qe3 {[%emt 0:0:16]} g5 {[%emt 0:0:17]} 44. Be2 {[%emt 0:0:40]} Ne4 {[%emt 0:0:6]
} 45. Bg4 {[%emt 0:0:12]} Qf6 {[%emt 0:0:15]} 46. Qf3 {[%emt 0:0:0]} Qxf3+ {[%emt 0:0:9]} 47. Nxf3 {[%emt 0:0:7]} Rxh1 {[%emt 0:0:12]} 48. Rxh1 {[%emt 0:0:1]} Nd6 {[%emt 0:0:5]} 49. Nxg5 {[%emt 0:0:13]} Kf6 {[%emt 0:0:10]
} 50. Nf3 {[%emt 0:0:29]} Rg8 {[%emt 0:0:1]} 51. Ne5 {[%emt 0:0:0]} Nb5 {[%emt 0:0:2]} 52. Rh7 {[%emt 0:0:31]} Nxd4 {[%emt 0:0:4]} 53. f4 {[%emt 0:0:1]} Rg7 {[%emt 0:0:18]} 54. Rxg7 {[%emt 0:0:21]} Kxg7 {[%emt 0:0:1]
} 55. Bc8 {[%emt 0:0:0]} c5 {[%emt 0:0:27]} 56. bxc5 {[%emt 0:0:0]} Nb3 {[%emt 0:0:1]} 57. c6 {[%emt 0:0:10]} bxc6 {[%emt 0:0:8]} 58. Nxc6 {[%emt 0:0:2]} Nc5 {[%emt 0:0:3]} 59. Kf3 {[%emt 0:0:2]} d4 {[%emt 0:0:27]
} 60. Nxd4 {[%emt 0:0:3]} Kf6 {[%emt 0:0:2]} 61. Nc6 {[%emt 0:0:2]
} 1-0